000 00520nam a22001697a 4500
003 OSt
005 20221006213920.0
008 221006b |||||||| |||| 00| 0 eng d
020 _a978-84-7947-446-1
040 _cBiblioteca Lado V
082 _a750
_bL631m
100 _9111
_aLeslabay, Marcelo
_ecurador
245 _aMujeres al Proyecto!/
_bDiseñadoras para el hábitat/
260 _aIslas canarias
_bGobierno de Canarias
_c2007
300 _a129p.
_c27x22cm
942 _2ddc
_c1
_h750
_iL631m
_n0
999 _c2223
_d2223